00390nam a2200157Ia 450000500170000000800410001704000190005804100120007708200110008910000160010024500370011626000340015330000120018765000230019985000100022220230725102928.0131103s9999 xx 000 0 und d aLoreto College aEnglish aFbCRO aCronin,A.J. 4aThe Spanish gardenercA.J.Cronin aNew YorkbPuramid Booksc1950 a157 p.  aFiction in English aLCLIB